LIBRARY & INFORMATION CENTRE, KCAET, TAVANUR

ONLINE PUBLIC ACCESS CATALOGUE (OPAC)

Development and quality evaluation of nutrient enriched RTE (Record no. 15720)

MARC details
000 -LEADER
fixed length control field 00467nam a22001697a 4500
003 - CONTROL NUMBER IDENTIFIER
control field OSt
082 ## - DEWEY DECIMAL CLASSIFICATION NUMBER
Classification number 664
Item number ANU/D
088 ## - REPORT NUMBER
Report number P 450
100 ## - MAIN ENTRY--AUTHOR NAME
Personal name Anusree Anil
100 ## - MAIN ENTRY--AUTHOR NAME
Personal name Nayana T K
100 ## - MAIN ENTRY--AUTHOR NAME
Personal name Nimisha P M
100 ## - MAIN ENTRY--AUTHOR NAME
Personal name Pavithra P A
245 ## - TITLE STATEMENT
Title Development and quality evaluation of nutrient enriched RTE
260 ## - PUBLICATION, DISTRIBUTION, ETC. (IMPRINT)
Place of publication Tavanur
Name of publisher Department of Process and Food engineering
Year of publication 2019
700 ## - ADDED ENTRY--PERSONAL NAME
Personal name Prince M V (guide)
942 ## - ADDED ENTRY ELEMENTS (KOHA)
Koha item type Project Report
Holdings
Collection code Home library Current library Shelving location Full call number Accession Number Koha item type
Reference KAUAET KAUAET Reference 664 ANU/D P 450 Project Report
free website counter